000 00702nam a22002417a 4500
999 _c286625
_d286625
001 457
003 UA-OsUOA
005 20200211185244.0
007 ta
008 20050602b un ||||| |||| 00| 0 ukr d
040 _aUA-OsUOA
_cUA-OsUOA
_dUA-OsUOA
_bukr
041 _aukr
080 _a821.161.1
090 _a821.161.1
_bГ71
100 _aГорький М.
245 _aИдущим в гору
_cМаксим Горький
260 _aМ.
_bМолодая гвардия
_c1984
300 _a191 с.
650 7 _a82 Література. Літературознавство
_2UDC
942 _cBK
_2udc
955 _a3